| 000 | 00548nam a2200193 u 4500 | ||
|---|---|---|---|
| 005 | 20240228064223.0 | ||
| 008 | 151022s2004 r 000 0 eng d | ||
| 020 | _a9789709718911 | ||
| 035 | _aUPN01000206250 | ||
| 049 | _aI | ||
| 050 | 4 |
_aPZ78 _bC6.57 |
|
| 100 | 1 |
_aCottin, Menena _932663 |
|
| 245 | 1 | 0 |
_aEmociones de una Línea / _cMenena Cotti. |
| 260 |
_aMéxico : _bTecolote, _c[s.a.]. |
||
| 300 |
_a[24] p. : _bil. |
||
| 650 | 4 |
_aLITERATURA INFANTIL VENEZOLANA _912650 |
|
| 650 | 4 |
_aLibros y lectura para niños _92290 |
|
| 905 | _aInfantil | ||
| 999 |
_c178351 _d178351 |
||